00546nam a22001937a 450000500170000001000210001702000260003803500170006403500140008103500130009503700140010803700130012208200080013510000180014324500710016126000340023227000560026630000300032220181130125202.0 a1617E ENG-118580 a9789385919770c310.00 aB-653157-174 aEN-102112 aB-663707 bVIVAaDPL bDBAD/PUB a000 aChugh, Ujjwal aHow to crack the SSB:cby Ujjwal Chughbservices selection board / c2016aNew DelhibSource Books a4737/23, Ansari Road, Darya GanjbNew Delhie110002 c25cm(pbk)axv,273p.bill.